000 00824nam a2200253Ia 4500
003 OSt
005 20221005081126.0
006 a|||||r|||| 00| 0
007 ta
008 221004b |||||||| |||| 00| 0 eng d
020 _a9789380397344 (hbk)
_c450
024 _a1677
037 _b191, 22/09/2012, Eastern Book Linkers
_cTextual
040 _aCRL
_cCRL
_beng
041 _2eng
_aeng
082 _aQ11:42:g(Y), Q2
100 _aGaikwad Kishor
_9610842
245 0 _aCultural life in grhyasutra and dharmasutra literature
_b Special reference to caste and gender
260 _aNew Delhi
_bPragun Publications India
_c2012
300 _a142p.
_ccm.
650 _aRELIGION
942 _hQ11:42:g(Y), Q2
_cTEXL
_2cc
999 _c987203
_d987203